000 00283nam a2200121Ia 4500
008 190216s9999||||xx |||||||||||||| ||und||
100 _aBipin C Desai
245 0 _aIntroduction To Data Base System
260 _bNarosa Pubs House
300 _a820
650 _aComputer
942 _cBK
999 _c8821
_d8821